静岡県の市町村(1968年) - Statistics

General Stats
  • This quiz has been taken 12 times
  • The average score is 37 of 82
Answer Stats
コード 市町村 備考 % Correct
22201 静岡市 2005年政令指定
100%
22202 浜松市 2007年政令指定
100%
22203 沼津市
100%
22204 清水市 2003年消滅
100%
22207 富士宮市
100%
22210 富士市
100%
22211 磐田市
100%
22205 熱海市
83%
22206 三島市
83%
22208 伊東市
83%
22213 掛川市
83%
22216 袋井市
83%
22212 焼津市
67%
22214 藤枝市
67%
22215 御殿場市
67%
22217 天竜市 2005年消滅
67%
22209 島田市
50%
22218 浜北市 2005年消滅
50%
22301 賀茂郡東伊豆町
50%
22302 賀茂郡河津町
50%
22304 賀茂郡南伊豆町
50%
22305 賀茂郡松崎町
50%
22306 賀茂郡西伊豆町
50%
22321 田方郡伊豆長岡町 2005年消滅
50%
22322 田方郡修善寺町 2004年消滅
50%
22323 田方郡戸田村 2005年消滅
50%
22324 田方郡土肥町 2004年消滅
50%
22325 田方郡函南町
50%
22326 田方郡韮山町 2005年消滅
50%
22327 田方郡大仁町 2005年消滅
50%
22328 田方郡天城湯ケ島町 2004年消滅
50%
22329 田方郡中伊豆町 2004年消滅
50%
22341 駿東郡清水町
50%
22344 駿東郡小山町
50%
22461 周智郡森町
50%
22501 浜名郡可美村 1991年消滅
50%
22502 浜名郡舞阪町 2005年消滅
50%
22503 浜名郡新居町 2010年消滅
50%
22504 浜名郡湖西町 1972年昇格
50%
22522 引佐郡引佐町 2005年消滅
50%
22303 賀茂郡下田町 1971年昇格
33%
22342 駿東郡長泉町
33%
22343 駿東郡裾野町 1971年昇格
33%
22381 庵原郡富士川町 2008年消滅
33%
22382 庵原郡蒲原町 2006年消滅
33%
22383 庵原郡由比町 2008年消滅
33%
- 安倍郡井川村 1969年消滅
33%
22401 志太郡岡部町 2009年消滅
33%
22402 志太郡大井川町 2008年消滅
33%
22421 榛原郡御前崎町 2004年消滅
33%
22422 榛原郡相良町 2005年消滅
33%
22423 榛原郡榛原町 2005年消滅
33%
22424 榛原郡吉田町
33%
22425 榛原郡金谷町 2005年消滅
33%
22426 榛原郡川根町 2008年消滅
33%
22428 榛原郡本川根町 2005年消滅
33%
22442 小笠郡大須賀町 2005年消滅
33%
22444 小笠郡浜岡町 2004年消滅
33%
22445 小笠郡小笠町 2005年消滅
33%
22446 小笠郡菊川町 2005年消滅
33%
22483 磐田郡竜洋町 2005年消滅
33%
22484 磐田郡豊田村 1973年昇格
33%
22486 磐田郡龍山村 2005年消滅
33%
22487 磐田郡佐久間町 2005年消滅
33%
22488 磐田郡水窪町 2005年消滅
33%
22505 浜名郡雄踏町 2005年消滅
33%
22523 引佐郡三ケ日町 2005年消滅
33%
22307 賀茂郡賀茂村 2005年消滅
17%
22361 富士郡芝川町 2010年消滅
17%
- 安倍郡大河内村 1969年消滅
17%
- 安倍郡梅ヶ島村 1969年消滅
17%
- 安倍郡玉川村 1969年消滅
17%
- 安倍郡清沢村 1969年消滅
17%
- 安倍郡大川村 1969年消滅
17%
22427 榛原郡中川根町 2005年消滅
17%
22441 小笠郡城東村 1973年消滅
17%
22443 小笠郡大浜町 1973年消滅
17%
22462 周智郡春野町 2005年消滅
17%
22481 磐田郡浅羽町 2005年消滅
17%
22482 磐田郡福田町 2005年消滅
17%
22485 磐田郡豊岡村 2005年消滅
17%
22521 引佐郡細江町 2005年消滅
17%
No matching quizzes found
Score Distribution
Percent of People with Each Score
Percentile by Number Answered
Your Score History
You have not taken this quiz